| 000 | 00344nam a22001457a 4500 | ||
|---|---|---|---|
| 003 | OSt | ||
| 005 | 20240203121637.0 | ||
| 008 | 240203b |||||||| |||| 00| 0 eng d | ||
| 040 | _cIIMT UNIVERSITY | ||
| 100 | _aGEETA PRESS | ||
| 245 | _aKALYAN KUNJ BHAG-2 SHIV | ||
| 260 |
_aGORAKHPUR _cGEETA PRESS _bS.2040 |
||
| 300 | _a132 | ||
| 942 |
_2ddc _c09 |
||
| 999 |
_c58077 _d58077 |
||